=LDR 00000nam 2200000 4500 =001 000691 =005 20250711024334 =035 ##$$a 0010-0725000559 =007 ta =008 250711################a##########0#ind## =020 ##$$a 978-623-307-146-8 =082 ##$$a 398.209 598 =084 ##$$a 398.209 598 DIA l =100 #$$a Dian sukma kuswardhani =245 1#$$a Lomba tebak cepat /$c Dian sukma kuswardhani =250 ##$$a cetakan kedua =260 ##$$a Rawamangun :$b Badan pengembangan dan pembinaan bahasa,$c 2022 =300 ##$$a 28 hlm. : $b Ilus. ; $c 29,7cm =650 #4$$a Cerita anak-indonesia =990 ##$$a TBM04650465